<La> Coopération entre les entreprises françaises et les entreprises slovaques et la création des études de cas en marketing

Na minha lista:
Detalhes bibliográficos
Autor principal: Kita, Jaroslav
Formato: Capítulo de Livro
Idioma:francês
Tags: Adicionar Tag
Sem tags, seja o primeiro a adicionar uma tag!

MARC

LEADER 00000naa$a2200000$$$4500
001 0146797
005 20240502072642.2
041 0 |a fre 
044 |a SK 
245 1 0 |a <La> Coopération entre les entreprises françaises et les entreprises slovaques et la création des études de cas en marketing  |c Jaroslav Kita 
100 1 |a Kita, Jaroslav